Score 0/300 Timer 20:00
1 Play Today
Rank Name % Correct
1Mary
94.1%
43Ann
93.7%
84Anne
89.8%
21Elizabeth
89.5%
58Jo
89.5%
138Jan
88.4%
105Anna
87%
50Jane
86.9%
28Catherine
86.2%
65Katherine
84.8%
70Maria
84%
5Susan
83.9%
16Carol
83.7%
24Margaret
82.7%
41Laura
82.5%
46Joan
82.4%
176Sara
81.8%
6Patricia
81.7%
3Linda
81.4%
104Jennifer
81.2%
108Sarah
80.9%
92Marie
79.9%
54Rose
79.5%
7Barbara
79.5%
67Julie
79.1%
40Christine
78.1%
48Lisa
78.1%
131Julia
77.3%
36Betty
77.3%
20Janet
77%
133Beth
76.7%
60Jean
76.3%
78Helen
76.2%
137Joann
76.1%
185Rachel
75.9%
223Emily
75.9%
184Christina
75.8%
83Victoria
75.6%
8Karen
75.3%
14Diane
75.1%
134Amy
74.9%
211Emma
74.8%
9Nancy
74.7%
27Rebecca
74.2%
87Alice
74%
55Diana
73.8%
81Ellen
73.7%
10Donna
72.7%
2Deborah
72.7%
13Sandra
72%
22Kathy
72%
88Joanne
71.9%
97Michelle
71.6%
160Annie
71.5%
166Debora
70.9%
96Frances
70.7%
69Ruth
70.4%
44Cathy
70.2%
15Sharon
69.8%
216Grace
69.8%
297Lauren
69.6%
38Theresa
69.3%
32Judy
68.9%
4Debra
68.6%
30Carolyn
68.3%
129Charlotte
68.2%
39Paula
68%
149Melissa
67.4%
18Brenda
67.4%
231Lou
67.3%
215Lucy
67.2%
53Martha
67%
64Dorothy
66.9%
17Kathleen
66.9%
25Janice
66.6%
109Angela
66.6%
26Teresa
66.5%
147Louise
66.4%
75Kim
66.3%
31Judith
66.3%
86Suzanne
66.2%
62Lynn
66.2%
12Pamela
65.9%
91Wendy
65.9%
63Debbie
65.8%
114Stephanie
65.6%
11Cynthia
65.2%
112Evelyn
64.8%
79Cindy
64.6%
111Kimberly
64.4%
139Andrea
64.2%
73Jacqueline
64%
169Rosa
63.5%
222Patty
63.1%
19Cheryl
62.6%
132Tina
62.6%
164June
62.4%
59Kathryn
62.3%
189Eva
61.6%
102Jill
61.6%
Rank Name % Correct
95Sally
61.4%
244Ella
61.1%
23Denise
60.9%
194Veronica
60.9%
257Nora
60.4%
135Carla
60.4%
89Lori
60.3%
256Eleanor
59.6%
199Josephine
59.5%
152Joy
59.5%
273Claire
59.1%
208Marian
58.9%
148Irene
58.7%
187Jackie
58.4%
49Marilyn
58.3%
80Valerie
58.2%
61Wanda
58.1%
179Gina
57.9%
101Doris
57.9%
141Melanie
57.8%
45Bonnie
57.8%
77Elaine
57.7%
202Esther
57.3%
221Pauline
57.1%
204Edith
56.8%
47Gloria
56.6%
120Eileen
56.4%
233Carrie
56.3%
116Sue
56.2%
225Clara
55.7%
183Monica
55.5%
140Vanessa
55.5%
35Connie
55.5%
144Holly
55.2%
288Susie
55.2%
90Laurie
55%
100Maureen
55%
243Lucille
54.9%
66Virginia
54.6%
210Georgia
54.5%
195Lillian
54.5%
263Alicia
54.4%
72Rita
54.3%
29Joyce
54.2%
143Audrey
53.8%
56Sherry
53.7%
37Shirley
53.3%
71Rhonda
53.2%
201Dana
53.2%
124Lois
52.8%
282Tracy
52.7%
229April
52.6%
205Edna
52.4%
51Peggy
52.2%
115Jeanne
52.1%
99Leslie
52%
275Betsy
52%
42Gail
51.7%
171Ruby
51.7%
76Darlene
51.6%
151Melinda
51.2%
82Terry
51.1%
270Florence
50.9%
113Roberta
50.6%
57Sheila
50.5%
159Vicky
50.4%
156Annette
50.3%
241Marion
50.1%
154Vivian
50%
260Rosie
49.8%
286Dora
49.7%
220Nina
49.5%
259Beatrice
49.4%
161Penny
49.4%
98Marcia
49.2%
103Dawn
49.2%
170Belinda
49.2%
34Beverly
49.2%
130Charlene
48.7%
248Ethel
48.6%
52Vicki
48.3%
153Jeanette
48.1%
155Lynne
48%
200Lydia
47.9%
85Terri
47.9%
237Bertha
47.9%
94Anita
47.7%
174Becky
47.7%
106Marsha
47%
213Carole
47%
247Wilma
46.9%
110Colleen
46.9%
119Yvonne
46.9%
93Michele
46.7%
191Marianne
46.7%
33Robin
46.6%
121Dianne
46.2%
74Phyllis
46.2%
182Lee
45.7%
142Marlene
45.5%
Rank Name % Correct
177Marjorie
45.1%
290Iris
45.1%
118Constance
44.8%
127Lorraine
44.8%
254Maryann
44.7%
173Rosemary
44.7%
136Norma
44.5%
240Jamie
44.5%
157Kay
44.4%
236Vera
44.4%
280Ida
44.2%
178Lynda
43.8%
172Patsy
43.8%
163Patti
43.8%
125Sheryl
43.8%
107Sylvia
43.3%
197Mildred
43.3%
272Kristine
43.1%
203Doreen
42.9%
258Francine
42.8%
117Renee
42.7%
175Arlene
42.6%
198Sherri
42.6%
128Glenda
42.3%
217Dianna
41.7%
190Dolores
41.7%
262Heidi
41.7%
126Regina
41.7%
162Geraldine
41.7%
232Gladys
41.7%
255Bernice
41.4%
253Deanna
41.3%
274Jeannie
40.9%
291Crystal
40.7%
186Melody
40.7%
146Gayle
40.5%
293Darla
40.5%
214Candace
40.3%
123Loretta
40%
68Vickie
39.9%
246Thelma
39.9%
150Claudia
39.4%
249Mona
39.3%
122Gwendolyn
39.2%
158Toni
39.2%
250Billie
39.2%
206Jody
38.4%
224Paulette
37.9%
287Hazel
37.8%
188Delores
37.8%
267Cathleen
37.7%
168Carmen
37.5%
193Marla
37.3%
238Bobbie
37%
192Shelley
37%
167Yolanda
37%
209Janie
36.8%
234Karla
36.7%
226Priscilla
36.6%
277Alma
36.3%
180Janis
36.2%
227Margie
36.1%
242Sheri
35.5%
292Jeannette
35.5%
218Teri
35.4%
145Juanita
35.1%
251Lynette
35.1%
269Cecilia
34.5%
239Sherrie
33.8%
278Bernadette
33.5%
281Cheri
33.4%
264Faye
33.3%
300Lucinda
33.2%
252Therese
33%
207Jacquelyn
32.8%
289Nadine
32.8%
268Robyn
32.7%
265Miriam
32.6%
165Roxanne
31.9%
298Trudy
31.9%
245Sabrina
31.7%
261Gale
31.4%
279Irma
31.1%
295Maxine
30.6%
196Ramona
30.2%
276Laurel
30.1%
285Lillie
29.8%
296Terrie
29.5%
235Jayne
29.5%
299Antoinette
29.1%
283Willie
28.8%
284Myra
28.2%
266Patrice
28.2%
294Jana
26.9%
230Bonita
26.2%
181Shelia
25.6%
219Luann
24.6%
212Joni
23.7%
271Dale
21.3%
228Sheree
18.1%
Remove Ads.
Support Sporcle.
Get the best of Sporcle when you Go Orange. This ad-free experience offers more features, more stats, and more fun while also helping to support Sporcle. Thank you for becoming a member.

You're not logged in!

Compare scores with friends on all Sporcle quizzes.
OR
Log In

Show Comments

Extras

Top Quizzes Today


Score Distribution

Your Account Isn't Verified!

In order to create a playlist on Sporcle, you need to verify the email address you used during registration. Go to your Sporcle Settings to finish the process.

Report this User

Report this user for behavior that violates our Community Guidelines.

Details: